[Event "It (Open)"]
[Site "?"]
[Date "2005.11.19"]
[Round "9"]
[White "Israel Gregory"]
[Black "Leburgue Sylvain"]
[Result "1/2-1/2"]
[WhiteElo "2119"]
[BlackElo "2183"]
[PlyCount "48"]
[EventDate "2005.??.??"]
[Source "www.chesslib.no"]
[SourceDate "2004.05.04"]

1. e4 e6 2. d4 d5 3. Nc3 Nf6 4. Bg5 Be7 5. e5 Nfd7 6. Bxe7 Qxe7 7. Nf3 a6 8. Bd3 c5 9. dxc5 Nc6 10. Qe2 Nxc5 11. O-O O-O 12. Rfe1 Bd7 13. Qd2 Rad8 14. Ne2 f6 15. Ned4 fxe5 16. Nxc6 Bxc6 17. Nxe5 Rf6 18. Rf1 Be8 19. Qe2 Nd7 20. Nxd7 Rxd7 21. Qe5 Bg6 22. Bxg6 Rxg6 23. c3 Rg5 24. Qe3 Rg6 1/2-1/2

[Event "EU-ch U14"]
[Site "Peniscola"]
[Date "2002.10.02"]
[Round "4"]
[White "Neimer, Vitaly"]
[Black "Pallardo Lozoya, Jose Vicente"]
[Result "1-0"]
[WhiteElo "2072"]
[BlackElo "2187"]
[PlyCount "105"]
[EventDate "2002.09.??"]
[Source "ChessBase"]
[SourceDate "2002.11.06"]

1. e4 e6 2. d4 d5 3. Nc3 Nf6 4. Bg5 Be7 5. e5 Nfd7 6. Bxe7 Qxe7 7. Nf3 c5 8. Nb5 O-O 9. Nc7 Nxe5 10. Nxa8 Nxf3+ 11. Qxf3 cxd4 12. Qa3 Re8 13. Qxe7 Rxe7 14. O-O-O e5 15. Bb5 Nc6 16. Rhe1 Kf8 17. Bxc6 bxc6 18. Nc7 Rxc7 19. Rxe5 f6 20. Ree1 c5 21. Kb1 Bf5 22. Rd2 d3 23. cxd3 c4 24. Ka1 Bxd3 25. b3 Kf7 26. Rc1 Ke6 27. Kb2 Rb7 28. Kc3 Kd6 29. bxc4 dxc4 30. Re1 Kd7 31. Rb2 Rc7 32. Rb8 Bg6 33. Rg8 Kd6 34. Rd8+ Kc5 35. Rd4 Bf7 36. Red1 Be6 37. f4 g6 38. g4 f5 39. gxf5 gxf5 40. Re1 Rc6 41. Re5+ Kb6 42. Rd2 Kc7 43. a4 Rb6 44. Rc5+ Rc6 45. Rxc6+ Kxc6 46. Re2 Kd6 47. Re5 Bd7 48. Ra5 h5 49. Rxa7 Be8 50. Kxc4 Ke6 51. Ra6+ Ke7 52. Kd4 h4 53. Ke5 1-0

[Event "BL9697 (Women)"]
[Site "Germany"]
[Date "1996.??.??"]
[Round "?"]
[White "Kierzek, Mira"]
[Black "Elschner, Annegret"]
[Result "0-1"]
[WhiteElo "2095"]
[BlackElo "2140"]
[PlyCount "74"]
[EventDate "1996.10.??"]
[Source "www.chesslib.no"]
[SourceDate "2004.05.04"]

1. e4 e6 2. d4 d5 3. Nc3 Nf6 4. Bg5 Be7 5. e5 Nfd7 6. Bxe7 Qxe7 7. Nf3 a6 8. Be2 c5 9. Qd2 Nc6 10. dxc5 Ndxe5 11. Nxe5 Nxe5 12. Qd4 Qf6 13. Qe3 d4 14. Qg3 dxc3 15. Qxc3 O-O 16. O-O Nd7 17. Qxf6 Nxf6 18. b4 Nd5 19. a3 Nc3 20. Bf3 Rb8 21. a4 Bd7 22. Ra3 Nd5 23. Rb1 Nc7 24. c4 Bc6 25. Be2 Rfd8 26. b5 Be4 27. Rc1 Rd2 28. Bf1 Kf8 29. f3 Bf5 30. a5 e5 31. Rb3 Ra2 32. g4 Bc8 33. b6 Ne6 34. c6 bxc6 35. Rcb1 Nc5 36. b7 Rxb7 37. Rb6 Rxa5 0-1

[Event "It (Open) Bar SCG"]
[Site "?"]
[Date "2005.03.06"]
[Round "3"]
[White "Dotlic Zdravko"]
[Black "Krstic Petar"]
[Result "0-1"]
[WhiteElo "2032"]
[BlackElo "2183"]
[PlyCount "62"]
[EventDate "2005.??.??"]
[Source "www.chesslib.no"]
[SourceDate "2004.05.04"]

1. e4 e6 2. d4 d5 3. Nc3 Nf6 4. Bg5 Be7 5. e5 Nfd7 6. Bxe7 Qxe7 7. Nf3 O-O 8. Bd3 c5 9. dxc5 Nc6 10. Qe2 Nxc5 11. O-O Bd7 12. Rae1 a6 13. a3 b5 14. Qe3 Nxd3 15. cxd3 b4 16. Nb1 bxa3 17. bxa3 Rab8 18. Nd4 Nxd4 19. Qxd4 Rb3 20. Re3 Rfb8 21. Nd2 Rxa3 22. Qa7 Rb2 23. Nf3 h6 24. Rc1 Raa2 25. Rc7 Rb1+ 26. Ne1 Qb4 27. h3 Rxe1+ 28. Kh2 Qf4+ 29. Rg3 Rxf2 30. Qxf2 Qxf2 31. Rg4 Qg1+ 0-1

[Event "Slovakia"]
[Site "?"]
[Date "2002.??.??"]
[Round "4.8"]
[White "Bisco Igor"]
[Black "Eged Igor"]
[Result "1/2-1/2"]
[WhiteElo "2120"]
[BlackElo "2076"]
[PlyCount "48"]
[EventDate "2002.??.??"]
[Source "www.chesslib.no"]
[SourceDate "2004.05.04"]

1. e4 e6 2. d4 d5 3. Nc3 Nf6 4. Bg5 Be7 5. e5 Nfd7 6. Bxe7 Qxe7 7. Nf3 a6 8. Bd3 c5 9. dxc5 Nc6 10. Qe2 Nxc5 11. O-O b5 12. a3 Bb7 13. Rfe1 O-O 14. Rad1 b4 15. axb4 Nxb4 16. Qd2 Ncxd3 17. cxd3 Rac8 18. d4 Bc6 19. Re3 Bb5 20. Ne1 f5 21. f4 Qd7 22. Rg3 Rc7 23. h4 a5 24. h5 Rb8 1/2-1/2

[Event "115th ch-NZL"]
[Site "Auckland NZL"]
[Date "2008.01.19"]
[Round "7"]
[White "Bennett, H."]
[Black "Thornton, G."]
[Result "0-1"]
[WhiteElo "2094"]
[BlackElo "2095"]
[PlyCount "116"]
[EventDate "2008.01.15"]
[Source "www.chesslib.no"]
[SourceDate "2004.05.04"]

1. e4 e6 2. d4 d5 3. Nc3 Nf6 4. Bg5 Be7 5. e5 Nfd7 6. Bxe7 Qxe7 7. Qh5 a6 8. Nge2 c5 9. O-O-O Nc6 10. f4 g6 11. Qf3 c4 12. g4 b5 13. f5 Nb6 14. Nf4 Bb7 15. Bg2 O-O-O 16. h4 b4 17. Nb1 Rhf8 18. Qe3 Kb8 19. Rh3 Rc8 20. Qe1 a5 21. Bh1 Na7 22. Re3 Nb5 23. Qe2 Rfe8 24. f6 Qd7 25. c3 Ka7 26. Kd2 Ba6 27. Ke1 g5 28. hxg5 Na4 29. Qd2 bxc3 30. Nxc3 Nbxc3 31. bxc3 Rb8 32. Qc1 Rg8 33. g6 hxg6 34. g5 Rh8 35. Bg2 Rh4 36. Rh3 Rxf4 37. Qxf4 Nb2 38. Qc1 Nd3+ 39. Rhxd3 cxd3 40. Bf1 Qa4 41. Rd2 Rh8 42. Kf2 Rh4 43. Rb2 Rh2+ 44. Bg2 Rh8 45. Qd2 Rc8 46. Bf1 Rh8 47. Kg3 Rh1 48. Kg2 Rh5 49. Kg3 Bc4 50. Kg2 Qa3 51. Kg3 Rxg5+ 52. Qxg5 Qxb2 53. Bh3 d2 54. Bg4 Qxc3+ 55. Kh2 Qxd4 56. Bd1 Bxa2 57. Qg3 Bc4 58. Qa3 Qxe5+ 0-1

[Event "Bayern"]
[Site "?"]
[Date "2002.02.03"]
[Round "5.2"]
[White "Moser Wolfgang"]
[Black "Wippich Markus"]
[Result "0-1"]
[WhiteElo "2160"]
[BlackElo "2010"]
[PlyCount "62"]
[EventDate "2002.??.??"]
[Source "www.chesslib.no"]
[SourceDate "2004.05.04"]

1. e4 e6 2. d4 d5 3. Nc3 Nf6 4. Bg5 Be7 5. e5 Nfd7 6. Bxe7 Qxe7 7. Nf3 O-O 8. Be2 c5 9. Nb5 a6 10. Na3 cxd4 11. Qxd4 Nc6 12. Qf4 f6 13. exf6 Nxf6 14. Qh4 e5 15. O-O-O Qc5 16. c3 b5 17. Nc2 Ne4 18. Bd3 Rf4 19. Qh5 Bg4 20. Bxe4 Bxh5 21. Rxd5 Qe7 22. Re1 Bxf3 23. gxf3 Rd8 24. Red1 Rff8 25. Ne3 Kh8 26. Kb1 g6 27. Rg1 Rxd5 28. Bxd5 Nb8 29. Rg4 Nd7 30. Rg3 Nf6 31. Bb3 e4 0-1

[Event "HUN-chT2 0102"]
[Site "?"]
[Date "2002.01.27"]
[Round "6"]
[White "Rabovszky Gyorgy"]
[Black "Zentai Gyorgy"]
[Result "0-1"]
[WhiteElo "2064"]
[BlackElo "2082"]
[PlyCount "64"]
[EventDate "2002.??.??"]
[Source "www.chesslib.no"]
[SourceDate "2004.05.04"]

1. e4 e6 2. d4 d5 3. Nc3 Nf6 4. Bg5 Be7 5. e5 Nfd7 6. Bxe7 Qxe7 7. Nf3 a6 8. g3 c5 9. Bg2 Nc6 10. O-O O-O 11. Re1 b5 12. Ne2 Bb7 13. c3 Rac8 14. Qd3 Rfd8 15. h4 cxd4 16. Nexd4 b4 17. Nxc6 Rxc6 18. cxb4 Qxb4 19. Ng5 Nf8 20. f4 Rdc8 21. a3 Qb6+ 22. Kh2 Rc2 23. Rg1 d4 24. b4 R8c3 25. Qd1 h6 26. Nh3 Qc6 27. Qf1 Rf3 28. Qd1 Qc3 29. Qe1 Rd3 30. Qxc3 dxc3 31. Rac1 Rdd2 32. Kh1 Rxg2 0-1

[Event "Regionalliga N O9495"]
[Site "Bayern"]
[Date "1994.??.??"]
[Round "3"]
[White "Fischer, Gerd"]
[Black "Hanisch, Friedrich"]
[Result "1/2-1/2"]
[WhiteElo "2085"]
[BlackElo "2055"]
[PlyCount "128"]
[EventDate "1994.10.??"]
[Source "www.chesslib.no"]
[SourceDate "2004.05.04"]

1. e4 e6 2. d4 d5 3. Nc3 Nf6 4. Bg5 Be7 5. e5 Nfd7 6. Bxe7 Qxe7 7. Nf3 O-O 8. Nb5 a6 9. Nc3 c5 10. dxc5 Nc6 11. Bd3 Nxc5 12. O-O f6 13. exf6 Qxf6 14. Qd2 Qf4 15. Rad1 Qxd2 16. Rxd2 b5 17. Re1 Ra7 18. a3 g6 19. Bf1 Raf7 20. b4 Nb7 21. Ng5 Rf6 22. a4 h6 23. axb5 axb5 24. Nf3 Nxb4 25. Nxb5 Bd7 26. Nbd4 Nc6 27. c4 Nd6 28. Nxc6 Bxc6 29. Ne5 Be8 30. cxd5 exd5 31. f3 h5 32. Rxd5 Nf7 33. Bc4 Nxe5 34. Rdxe5+ Bf7 35. Bxf7+ R8xf7 36. Kf2 Kg7 37. Kg3 Rf4 38. Re7 R4f5 39. Rxf7+ Rxf7 40. f4 Kh6 41. Re5 Kg7 42. Kf3 Ra7 43. h3 Rb7 44. g4 Rb3+ 45. Re3 hxg4+ 46. hxg4 Rb7 47. Kg3 Kf6 48. Rc3 Kg7 49. Kh4 Ra7 50. Rc6 Rb7 51. Ra6 Rc7 52. Kg5 Rc5+ 53. Kh4 Rc7 54. Ra3 Rb7 55. Kg3 Rc7 56. Kf3 Rb7 57. Rd3 Rb8 58. Rd4 Rb7 59. Ke4 Ra7 60. Rd6 Kf7 61. Ke5 Ra5+ 62. Rd5 Ra7 63. Ke4 Re7+ 64. Kd4 Ra7 1/2-1/2

[Event "CZE-chTJ 0001"]
[Site "?"]
[Date "2001.??.??"]
[Round "8"]
[White "Podsednik Jaroslav"]
[Black "Sykora Robert"]
[Result "1-0"]
[WhiteElo "2015"]
[BlackElo "2100"]
[PlyCount "73"]
[EventDate "2001.??.??"]
[Source "www.chesslib.no"]
[SourceDate "2004.05.04"]

1. e4 e6 2. d4 d5 3. Nc3 Nf6 4. Bg5 Be7 5. e5 Nfd7 6. Bxe7 Qxe7 7. a3 a6 8. b4 b6 9. Na4 f6 10. exf6 Qxf6 11. Nf3 O-O 12. Be2 Bb7 13. O-O Nc6 14. Nc3 Ne7 15. b5 axb5 16. Nxb5 Rfc8 17. c4 dxc4 18. Bxc4 Bxf3 19. Qxf3 Qxf3 20. gxf3 Nd5 21. Rfe1 Nf8 22. Rxe6 Rd8 23. Rc6 Kh8 24. Kf1 Ng6 25. Bxd5 Rxd5 26. Nxc7 Rc8 27. Rxg6 Rxc7 28. Rxb6 h6 29. Rb4 Rc3 30. a4 Rxf3 31. a5 Rff5 32. a6 Ra5 33. Rba4 Rxa4 34. Rxa4 Rf8 35. d5 Kg8 36. Ke2 Kf7 37. Rf4+ 1-0

[Event "Bad Woerishofen"]
[Site "?"]
[Date "1997.??.??"]
[Round "8"]
[White "Trnovec Mihaly"]
[Black "Woerl Richard"]
[Result "0-1"]
[WhiteElo "1975"]
[BlackElo "2060"]
[PlyCount "58"]
[EventDate "1997.??.??"]
[Source "www.chesslib.no"]
[SourceDate "2004.05.04"]

1. e4 e6 2. d4 d5 3. Nc3 Nf6 4. Bg5 Be7 5. e5 Nfd7 6. Bxe7 Qxe7 7. a3 a6 8. f4 c5 9. Nf3 Nc6 10. Ne2 cxd4 11. Nexd4 f6 12. Nxc6 bxc6 13. Bd3 Qc5 14. Qe2 Qb6 15. b4 O-O 16. Rf1 a5 17. c3 axb4 18. cxb4 Rxa3 19. Rb1 Rxd3 20. Qxd3 Ba6 21. b5 Bxb5 22. Qd2 Nc5 23. exf6 gxf6 24. Nd4 Ne4 25. Qb4 Ra8 26. Rf3 Ra2 27. Nxb5 Qg1+ 28. Rf1 Qe3+ 29. Kd1 Qe2+ 0-1

[Event "Nord Cup 2nd"]
[Site "Duesseldorf"]
[Date "1996.??.??"]
[Round "3"]
[White "Hart, Theo"]
[Black "Rozenfeld, Tatiana"]
[Result "1/2-1/2"]
[WhiteElo "1920"]
[BlackElo "2085"]
[PlyCount "61"]
[EventDate "1996.??.??"]
[Source "www.chesslib.no"]
[SourceDate "2004.05.04"]

1. e4 e6 2. d4 d5 3. Nc3 Nf6 4. Bg5 Be7 5. e5 Nfd7 6. Bxe7 Qxe7 7. Nf3 O-O 8. Bd3 c5 9. dxc5 Nc6 10. Qe2 Nxc5 11. O-O Bd7 12. Rfe1 f6 13. Rad1 Be8 14. Qd2 Nxd3 15. Qxd3 Bh5 16. exf6 Qxf6 17. Rd2 Bxf3 18. Qxf3 Qxf3 19. gxf3 d4 20. Nb5 e5 21. Kg2 Rf6 22. c3 a6 23. Na3 Rg6+ 24. Kf1 b5 25. Nc2 dxc3 26. bxc3 Rf8 27. Rd3 Rf4 28. Re4 Rf7 29. Nb4 Nxb4 30. cxb4 Rf4 31. a3 1/2-1/2

[Event "Dagomys (Russia)"]
[Site "?"]
[Date "2004.04.??"]
[Round "?"]
[White "Sevastianova Marya"]
[Black "Kazarina Yulia"]
[Result "1/2-1/2"]
[WhiteElo "1894"]
[BlackElo "2071"]
[PlyCount "34"]
[EventDate "2004.??.??"]
[Source "www.chesslib.no"]
[SourceDate "2004.05.04"]

1. e4 e6 2. d4 d5 3. Nc3 Nf6 4. Bg5 Be7 5. e5 Nfd7 6. Bxe7 Qxe7 7. Nf3 O-O 8. Bd3 a6 9. O-O c5 10. dxc5 Nxc5 11. Re1 Nc6 12. Ne2 Bd7 13. c3 Nxd3 14. Qxd3 b5 15. Ned4 b4 16. Nxc6 Bxc6 17. Nd4 Rfc8 1/2-1/2

[Event "Regionalliga NO9798"]
[Site "Bayern"]
[Date "1998.??.??"]
[Round "?"]
[White "Roesel, Gert"]
[Black "Noble, Alexander"]
[Result "0-1"]
[WhiteElo "1925"]
[BlackElo "2035"]
[PlyCount "118"]
[EventDate "1997.??.??"]
[Source "www.chesslib.no"]
[SourceDate "2004.05.04"]

1. e4 e6 2. d4 d5 3. Nc3 Nf6 4. Bg5 Be7 5. e5 Nfd7 6. Bxe7 Qxe7 7. Nf3 a6 8. Bd3 c5 9. dxc5 Nxc5 10. O-O Nc6 11. a3 b5 12. Re1 Nxd3 13. Qxd3 Bb7 14. Ne2 Rc8 15. c3 Na5 16. Ned4 Nc4 17. Rab1 O-O 18. Nd2 Qg5 19. Nxc4 dxc4 20. Qg3 Qxg3 21. hxg3 Rfd8 22. f4 h6 23. Kf2 Rd7 24. Re2 Bd5 25. Rh1 Rb8 26. g4 Rdb7 27. Ra1 a5 28. Rae1 b4 29. axb4 axb4 30. Ra1 bxc3 31. bxc3 Rb1 32. Rxb1 Rxb1 33. Re1 Rxe1 34. Kxe1 Bxg2 35. Kf2 Bd5 36. Ke3 g6 37. Kf2 Kg7 38. Kg3 f6 39. Nc2 fxe5 40. fxe5 Kf7 41. Kf4 Ke7 42. Nd4 Kd7 43. Nb5 Bg2 44. Nd6 Bf1 45. Nf7 h5 46. Kg5 Be2 47. gxh5 gxh5 48. Nd6 Kc6 49. Ne4 Kd5 50. Kf4 Kc6 51. Kg5 Bg4 52. Kf4 Bf5 53. Nd6 Bd3 54. Kg5 Kd5 55. Kxh5 Kxe5 56. Nb5 Kf4 57. Nc7 e5 58. Nd5+ Kf3 59. Kg5 e4 0-1

[Event "05sen.Europa-EM2005"]
[Site "?"]
[Date "2005.??.??"]
[Round "1"]
[White "Fischer Gerd[41Gunzenh"]
[Black "Pracht Hans-Dieter"]
[Result "1-0"]
[WhiteElo "2191"]
[BlackElo "1761"]
[PlyCount "74"]
[EventDate "2005.??.??"]
[Source "www.chesslib.no"]
[SourceDate "2004.05.04"]

1. e4 e6 2. d4 d5 3. Nc3 Nf6 4. Bg5 Be7 5. e5 Nfd7 6. Bxe7 Qxe7 7. Nf3 a6 8. Qd2 c5 9. dxc5 Nxc5 10. Nd4 Nc6 11. f4 Nxd4 12. Qxd4 b6 13. b4 Nd7 14. Bd3 g6 15. O-O Bb7 16. Rae1 O-O 17. Re3 f6 18. exf6 Qxf6 19. Ne2 e5 20. Qc3 e4 21. Nd4 Rac8 22. Qa1 exd3 23. Re6 Qg7 24. c3 Rf6 25. Re3 Qf7 26. Qc1 Re8 27. Rxd3 Re4 28. Rdf3 Rxd4 29. cxd4 Re6 30. Qd1 Re4 31. f5 Qf6 32. fxg6 Rxd4 33. gxh7+ Kh8 34. Qe2 Re4 35. Qxe4 dxe4 36. Rxf6 Nxf6 37. Rxf6 b5 1-0

[Event "Cseppko op-B"]
[Site "Aggtelek"]
[Date "1999.07.07"]
[Round "4"]
[White "Magyar, Istvan"]
[Black "Kristof, Peter"]
[Result "0-1"]
[WhiteElo "1837"]
[BlackElo "2097"]
[PlyCount "122"]
[EventDate "1999.07.05"]
[Source "www.chesslib.no"]
[SourceDate "2004.05.04"]

1. e4 e6 2. d4 d5 3. Nc3 Nf6 4. Bg5 Be7 5. e5 Nfd7 6. Bxe7 Qxe7 7. a3 a6 8. f4 c5 9. Nf3 Nc6 10. Qd2 b5 11. g3 cxd4 12. Nxd4 Nxd4 13. Qxd4 Bb7 14. Bg2 Rc8 15. O-O Qc5 16. Rad1 Nb6 17. Rf2 Qxd4 18. Rxd4 Nc4 19. Nd1 Ke7 20. Bf1 Rc7 21. Bxc4 Rxc4 22. Rfd2 Rhc8 23. Ne3 Rxd4 24. Rxd4 f6 25. c3 Rf8 26. Ng4 h5 27. exf6+ gxf6 28. Ne3 e5 29. fxe5 fxe5 30. Rh4 Rh8 31. Nf5+ Kf6 32. Ne3 Kg5 33. a4 Bc6 34. axb5 axb5 35. Rb4 Rd8 36. h4+ Kf6 37. g4 d4 38. g5+ Ke6 39. cxd4 Rxd4 40. Rxd4 exd4 41. Nf1 Kf5 42. Nh2 Kf4 43. Kf2 d3 44. g6 Bd5 45. g7 Kf5 46. Ke3 Bc4 47. Nf3 Kf6 48. g8=Q Bxg8 49. Kxd3 Kf5 50. Nd4+ Kg4 51. Nxb5 Kxh4 52. Nd4 Kg3 53. Ke3 Bh7 54. Ne2+ Kg4 55. b4 h4 56. Nf4 Bf5 57. b5 Bc8 58. b6 Bb7 59. Ne2 h3 60. Kf2 h2 61. Ng3 Bf3 0-1

[Event "Bad Wildungen (03.07.-11.07)"]
[Site "?"]
[Date "2004.07.04"]
[Round "2"]
[White "Kotzem Ernst"]
[Black "Krafzik Joachim"]
[Result "0-1"]
[WhiteElo "1958"]
[BlackElo "1934"]
[PlyCount "82"]
[EventDate "2004.??.??"]
[Source "www.chesslib.no"]
[SourceDate "2004.05.04"]

1. e4 e6 2. d4 d5 3. Nc3 Nf6 4. Bg5 Be7 5. e5 Nfd7 6. Bxe7 Qxe7 7. Nf3 a6 8. a3 c5 9. dxc5 Qxc5 10. Bd3 Qc7 11. O-O Nc6 12. Re1 Ncxe5 13. Ng5 Nf6 14. Nf3 Nxf3+ 15. Qxf3 O-O 16. Ne2 e5 17. Bf5 Re8 18. c3 Bxf5 19. Qxf5 Rad8 20. Rad1 Qb6 21. b4 Qe6 22. Qc2 e4 23. Nd4 Qc8 24. Re3 Ng4 25. Rg3 Ne5 26. Qd2 Rd6 27. Rf1 Rg6 28. Rxg6 hxg6 29. Nc2 Qc6 30. Ne3 Nd3 31. f3 f5 32. fxe4 dxe4 33. Nc2 Rc8 34. Ne3 Qxc3 35. Qa2+ Kh7 36. h4 f4 37. Nd5 Qe5 38. Kh1 Rd8 39. Nb6 e3 40. Qc2 e2 41. Rf3 e1=Q+ 0-1

[Event "Narvik"]
[Site "?"]
[Date "2000.06.??"]
[Round "4"]
[White "Simula Leon"]
[Black "Berglund Jan Sigmund"]
[Result "0-1"]
[WhiteElo "1888"]
[BlackElo "1952"]
[PlyCount "74"]
[EventDate "2000.??.??"]
[Source "www.chesslib.no"]
[SourceDate "2004.05.04"]

1. d4 d5 2. Nc3 Nf6 3. Bg5 e6 4. e4 Be7 5. e5 Nfd7 6. Bxe7 Qxe7 7. Nf3 O-O 8. Qd2 c5 9. Nb5 Nc6 10. c3 a6 11. Na3 cxd4 12. cxd4 f6 13. exf6 Nxf6 14. Bd3 e5 15. dxe5 Nxe5 16. Nxe5 Qxe5+ 17. Qe2 Qg5 18. O-O Bg4 19. f3 Rae8 20. Qc2 Qe3+ 21. Kh1 Bh5 22. Rad1 Re7 23. Qa4 Rfe8 24. Nc2 Qg5 25. Nd4 Bg6 26. Qc2 Bxd3 27. Qxd3 Re3 28. Qd2 Qe5 29. Kg1 h6 30. Rc1 Nh5 31. Rc3 Rxc3 32. Qxc3 Nf4 33. Qd2 Qxd4+ 34. Qxd4 Ne2+ 35. Kf2 Nxd4 36. Rd1 Nc6 37. Rxd5 Rd8 0-1

[Event "POL-chT2 U18"]
[Site "?"]
[Date "1996.??.??"]
[Round "?"]
[White "Blimke Dalia"]
[Black "Paterek Michal"]
[Result "1/2-1/2"]
[WhiteElo "1800"]
[BlackElo "2000"]
[PlyCount "45"]
[EventDate "1996.??.??"]
[Source "www.chesslib.no"]
[SourceDate "2004.05.04"]

1. e4 e6 2. d4 d5 3. Nc3 Nf6 4. Bg5 Be7 5. e5 Nfd7 6. Bxe7 Qxe7 7. Be2 a6 8. Nf3 O-O 9. Qd2 c5 10. dxc5 Qxc5 11. Bd3 h6 12. O-O Qc7 13. Rfe1 Nc6 14. Qe3 b5 15. a3 Bb7 16. h4 Rad8 17. Nb1 f5 18. c3 Rde8 19. Nbd2 Na5 20. Nd4 Nc4 21. Nxc4 dxc4 22. Bc2 Bd5 23. f3 1/2-1/2

[Event "Bayernliga 05/06 (RLSW)"]
[Site "?"]
[Date "2005.11.27"]
[Round "3.8"]
[White "Schoenbauer Max"]
[Black "Haczek Kurt"]
[Result "1-0"]
[WhiteElo "1989"]
[BlackElo "1796"]
[PlyCount "121"]
[EventDate "2005.??.??"]
[Source "www.chesslib.no"]
[SourceDate "2004.05.04"]

1. e4 e6 2. d4 d5 3. Nc3 Nf6 4. Bg5 Be7 5. e5 Nfd7 6. Bxe7 Qxe7 7. Nf3 a6 8. a3 c5 9. dxc5 Qxc5 10. Bd3 Nc6 11. Qe2 Nd4 12. Nxd4 Qxd4 13. O-O-O Qxe5 14. Qd2 Qf6 15. f4 O-O 16. g4 Nc5 17. Ne2 Nxd3+ 18. Qxd3 Bd7 19. Qe3 Rac8 20. g5 Qg6 21. Rd2 Rc4 22. Nd4 Rfc8 23. h4 h5 24. gxh6 Qxh6 25. Rg1 Qxh4 26. Rdg2 g6 27. Qe5 Qh6 28. Qf6 Be8 29. Nxe6 R4c6 30. Qg5 Qxg5 31. Nxg5 Rf6 32. Rf2 Bd7 33. Rh1 Rf5 34. Rh6 Rc4 35. Rfh2 Kf8 36. Rh8+ Ke7 37. Re2+ Be6 38. Rh7 Rc6 39. Rh4 Kd6 40. Kd2 b5 41. c3 Rc4 42. Nh3 g5 43. Rh8 gxf4 44. Nf2 Rc8 45. Rxe6+ fxe6 46. Rxc8 e5 47. Ra8 Rg5 48. Rxa6+ Kc5 49. b4+ Kc4 50. Kc2 d4 51. Rc6+ Kd5 52. Rc5+ Ke6 53. cxd4 Rg2 54. Rxe5+ Kd6 55. Re2 Kd5 56. Kc3 f3 57. Re5+ Kc6 58. Nd3 Ra2 59. d5+ Kc7 60. Rf5 Rxa3+ 61. Kd4 1-0

[Event "Corr"]
[Site "?"]
[Date "2000.01.16"]
[Round "?"]
[White "Fuzishawa Richard Mitsuo"]
[Black "Gustavsson Stellan"]
[Result "1-0"]
[WhiteElo "1905"]
[BlackElo "1876"]
[PlyCount "55"]
[EventDate "2000.??.??"]
[Source "www.chesslib.no"]
[SourceDate "2004.05.04"]

1. e4 e6 2. d4 d5 3. Nc3 Nf6 4. Bg5 Be7 5. e5 Nfd7 6. Bxe7 Qxe7 7. Nf3 Nc6 8. Bb5 a6 9. Bxc6 bxc6 10. O-O a5 11. Qd2 Ba6 12. Rfe1 O-O 13. b3 c5 14. dxc5 Nxc5 15. Rad1 Rab8 16. Nd4 Rb6 17. f4 Rfb8 18. Qc1 a4 19. b4 Rxb4 20. Nc6 Qf8 21. Nxb8 Qxb8 22. f5 Qb6 23. Kh1 c6 24. Qg5 exf5 25. Qe7 Ne6 26. Rb1 Rxb1 27. Rxb1 Bb5 28. Rxb5 1-0

[Event "Bochum"]
[Site "?"]
[Date "2006.09.26"]
[Round "7.4"]
[White "Richter Bernd"]
[Black "Bartel Mario"]
[Result "0-1"]
[WhiteElo "1676"]
[BlackElo "2066"]
[PlyCount "56"]
[EventDate "2006.??.??"]
[Source "www.chesslib.no"]
[SourceDate "2004.05.04"]

1. e4 e6 2. d4 d5 3. Nc3 Nf6 4. Bg5 Be7 5. e5 Nfd7 6. Bxe7 Qxe7 7. Nce2 Qb4+ 8. c3 Qxb2 9. f4 Nb6 10. a4 Nc4 11. Rb1 Qa3 12. Ra1 Qe7 13. Qd3 Nc6 14. Nf3 N6a5 15. Ng3 Bd7 16. Be2 g6 17. h4 O-O-O 18. Nd2 Nxd2 19. Qxd2 Nb3 20. Qb2 Nxa1 21. Kf2 f6 22. Qxa1 fxe5 23. dxe5 Qc5+ 24. Kf3 Bc6 25. Kg4 d4 26. cxd4 Rxd4 27. Rc1 Qxe5 28. Ne4 Qxe4 0-1

[Event "Oberbayern-ch"]
[Site "?"]
[Date "1996.??.??"]
[Round "?"]
[White "Koeniger Philipp"]
[Black "Jordan Tobias"]
[Result "1-0"]
[WhiteElo "2025"]
[BlackElo "1715"]
[PlyCount "135"]
[EventDate "1996.??.??"]
[Source "www.chesslib.no"]
[SourceDate "2004.05.04"]

1. e4 e6 2. d4 d5 3. Nc3 Nf6 4. Bg5 Be7 5. e5 Nfd7 6. Bxe7 Qxe7 7. Nf3 a6 8. Be2 c5 9. O-O Nc6 10. dxc5 Qxc5 11. Re1 Ndxe5 12. Nxe5 Nxe5 13. Nxd5 O-O 14. Bf1 Ng6 15. Nc3 b5 16. Ne4 Qe7 17. c3 Bb7 18. Qb3 Rfc8 19. a4 Bd5 20. Qb4 Qxb4 21. cxb4 Bc6 22. Nc5 Ne7 23. Rec1 Nd5 24. Nxa6 Rxa6 25. Bxb5 Rb6 26. Bxc6 Rbxc6 27. Rxc6 Rxc6 28. b5 Rc4 29. a5 Rb4 30. a6 Nb6 31. a7 g6 32. a8=Q+ Nxa8 33. Rxa8+ Kg7 34. Rb8 Rxb2 35. g3 Rb1+ 36. Kg2 h5 37. h4 Kf6 38. b6 Ke5 39. b7 Rb2 40. Kf3 Rb3+ 41. Ke2 Rb2+ 42. Kd3 Kf6 43. Kc4 Rb1 44. Kc5 e5 45. f3 Rc1+ 46. Kd6 Rd1+ 47. Kc6 Rc1+ 48. Kd7 Rd1+ 49. Ke8 Rb1 50. Kf8 Rb2 51. Kg8 Rb1 52. Kh7 Kf5 53. Kg7 g5 54. hxg5 Kxg5 55. Kxf7 h4 56. gxh4+ Kf4 57. h5 Kxf3 58. h6 e4 59. h7 e3 60. h8=Q e2 61. Qh5+ Kf2 62. Qxe2+ Kxe2 63. Re8+ Kd3 64. b8=Q Rf1+ 65. Ke6 Re1+ 66. Kd5 Rd1 67. Qb3+ Kd2 68. Qxd1+ 1-0

[Event "France (championnat jeunes open A)"]
[Site "?"]
[Date "2004.??.??"]
[Round "5.1"]
[White "Pialot Florent"]
[Black "Diedler Florent"]
[Result "1-0"]
[WhiteElo "1760"]
[BlackElo "1960"]
[PlyCount "89"]
[EventDate "2004.??.??"]
[Source "www.chesslib.no"]
[SourceDate "2004.05.04"]

1. e4 e6 2. d4 d5 3. Nc3 Nf6 4. Bg5 Be7 5. e5 Nfd7 6. Bxe7 Qxe7 7. Nf3 a6 8. Qd2 c5 9. a3 Nc6 10. dxc5 Ndxe5 11. Nxe5 Nxe5 12. b4 O-O 13. Be2 Bd7 14. O-O a5 15. Nb5 Qh4 16. Qd4 Qxd4 17. Nxd4 Nc6 18. Nxc6 bxc6 19. c3 e5 20. f3 f5 21. c4 Rfb8 22. b5 d4 23. a4 e4 24. fxe4 fxe4 25. Rf4 d3 26. Rxe4 dxe2 27. Rxe2 cxb5 28. Re7 b4 29. Rxd7 Rd8 30. c6 Rac8 31. Re1 Kf8 32. Rf1+ Kg8 33. Rf5 b3 34. Rxa5 Rxd7 35. cxd7 Rd8 36. Rb5 Rxd7 37. Rxb3 Rd2 38. a5 g5 39. a6 Ra2 40. Rb6 g4 41. c5 Kf8 42. c6 g3 43. hxg3 Ke8 44. a7 Rxa7 45. Rb8+ 1-0

[Event "Ludwigshafen-ch 12th"]
[Site "?"]
[Date "1998.??.??"]
[Round "2"]
[White "Ledbetter Ralf"]
[Black "Schmitt Anton"]
[Result "1/2-1/2"]
[WhiteElo "1926"]
[BlackElo "1679"]
[PlyCount "91"]
[EventDate "1998.??.??"]
[Source "www.chesslib.no"]
[SourceDate "2004.05.04"]

1. e4 e6 2. d4 d5 3. Nc3 Nf6 4. Bg5 Be7 5. e5 Nfd7 6. Bxe7 Qxe7 7. Nf3 a6 8. Ne2 c5 9. c3 Nc6 10. Ng3 f6 11. exf6 Nxf6 12. Bd3 O-O 13. O-O e5 14. dxe5 Nxe5 15. Re1 Nxf3+ 16. Qxf3 Qd6 17. Bf5 Ne4 18. Nxe4 dxe4 19. Bxh7+ Kxh7 20. Qxe4+ Bf5 21. Qh4+ Qh6 22. Qc4 b6 23. Re3 Rae8 24. Rae1 Rxe3 25. Rxe3 Kh8 26. g4 Bh7 27. Qxa6 Qf4 28. Qe2 c4 29. Re5 Bg6 30. Kg2 Rd8 31. Re3 Rd3 32. Qf3 Qxf3+ 33. Kxf3 Rd2 34. Re6 Bb1 35. Rxb6 Bxa2 36. g5 Kh7 37. Kg4 Rxf2 38. h4 Bb1 39. b4 Rg2+ 40. Kf4 Rc2 41. h5 Rxc3 42. Rb7 Kg8 43. g6 Kf8 44. Rf7+ Kg8 45. Rc7 Kf8 46. Rf7+ 1/2-1/2

[Event "It (Open) Bochum GER"]
[Site "?"]
[Date "2005.05.31"]
[Round "6"]
[White "Engelberg Michael"]
[Black "Richter Bernd"]
[Result "0-1"]
[WhiteElo "1781"]
[BlackElo "1695"]
[PlyCount "65"]
[EventDate "2005.??.??"]
[Source "www.chesslib.no"]
[SourceDate "2004.05.04"]

1. e4 e6 2. d4 d5 3. Nc3 Nf6 4. Bg5 Be7 5. e5 Nfd7 6. Bxe7 Qxe7 7. Nf3 a6 8. Be2 c5 9. O-O Nc6 10. dxc5 O-O 11. Na4 Nxc5 12. Nxc5 Qxc5 13. Bd3 Qe7 14. c3 Bd7 15. Qd2 f6 16. exf6 Qxf6 17. Bc2 Be8 18. Rfe1 Bg6 19. Bb3 Kh8 20. Re3 Be4 21. Rae1 Qg6 22. Qe2 Rf4 23. Rf1 d4 24. Rxe4 Rxe4 25. Qd1 Qf6 26. Qd3 Rf4 27. Re1 e5 28. Bc2 g6 29. Re2 Rd8 30. Qd2 d3 31. Bxd3 e4 32. Rxe4 Rxe4 33. Ng5 0-1